000 00870nam a2200253Ia 4500
003 OSt
005 20221005043853.0
006 a|||||r|||| 00| 0
007 ta
008 221004b |||||||| |||| 00| 0 eng d
020 _a9780230219373 (hbk)
_c3418.5
024 _a102179
037 _b5700, 30/03/2010, Efficient Book Distributors
_cTextual
040 _aCRL
_cCRL
_beng
041 _2eng
_aeng
082 _aO111,3:g(V:17), Q0
100 _aMukherjee Upamanyu Pablo
245 0 _aPostcolonial environments
_b Nature, culture and the contemporary Indian novel in English
260 _aHampshire
_bPalgrave macmillan UK
_c2010
300 _aviii,203p.
_ccm.
650 _aENGLISH LITERATURE
942 _hO111,3:g(V:17), Q0
_cTEXL
_2cc
999 _c952539
_d952539